000 00880nam a2200253 a 4500
001 BRCA_6991
005 20190321142922.0
008 231111s1894----gw-#######---#000-0#ger-#
041 _ager
044 _agw
050 4 _b.D38 1890
100 1 _aDaudet, Alphonse
_d1840-1897
_915254
245 1 0 _aBriefe aus meiner Mühle
_cvon Alphonse Daudet ; übersetzt von Prof. Dr. H. Th. Kühne.
260 _aLeipzig, Alemania
_bPhilipp Reclam
_c[1894]
300 _a182 p.
_c16 cm.
440 0 _aReclams universal Bibliothek
_v3227, 3228
_917399
500 _aCon sello de propiedad: Dr. C. Meltzer, Altos Bótica Iturbide, Ave. Francisco I. Madero 21, México, D. F.
500 _aEstado físico: Lomo deteriorado y la cubierta anterior suelta.
500 _aO9
650 1 4 _aLiteratura Alemana
_96160
700 1 _aKühne, H. Th.
_etr.
_917400
902 _aGFM
942 _2lcc
_cB
999 _c6672
_d6672